| 000 | 01611 a2200265 4500 | ||
|---|---|---|---|
| 001 | 49428 | ||
| 005 | 20260407155757.0 | ||
| 008 | 260407a2003 arg spa d | ||
| 003 | AR-UNSa-BCEJYS | ||
| 040 |
_aAR-UNSa-BCEJYS _bspa _cAR-UNSa-BCEJYS |
||
| 080 |
_a658.012.2 _xPlanificación. Programas. Planes. Medidas de apoyo a la planificación( Administración estratégica...) |
||
| 245 | 1 | 0 | _aConceptos de administración estratégica |
| 020 | _a970-26-0427-3 | ||
| 250 | _a9a. ed. | ||
| 264 | 1 |
_aMéxico : _bPearson Educación _c2003 |
|
| 300 |
_axxx, 336 p. _c26 cm. |
||
| 505 | _aParte I: Perspectiva general de la dirección estratégica: 1. La naturaleza de la dirección estratégica - - Parte II: Formulación de la estratégica: 2. La misión de la empresa - 3. La evaluación externa - 4. La evaluación interna - 5. Estrategias en acción - 6. Análisis y selección de la estrategia - - Parte III: Implantación de la estrategia: 7. Implantación de estrategias: asuntos relacionados con la gerencia - 8. Implantación de estrategias: asuntos relacionados con mercadotécnica, finanzas y contabilidad, investigación y desarrollo y sistemas de información de la gerencia - - Parte IV: Evaluación de la estrategia: 9. Revisión, evaluación y control de la estrategia. | ||
| 041 | _aspa | ||
| 942 | _cBK | ||
| 590 | _aniveau_biblio:m niveau_hierar:0 | ||
| 100 | 1 | _aDavid, Fred R. | |
| 700 | 1 | _aSánchez Carrión, Miguel Angel | |
| 700 | 1 | _aValdés Hernández, Luis Alfredo | |
| 856 | 4 | 1 |
_uhttps://www.biblioeco.unsa.edu.ar/pmb/images/libros/L128089.jpg _yImagen de portada _qimage/jpeg |
| 999 |
_c4839 _d4839 |
||